000 00744cam a22002653a 4500
001 7145
003 PGUSA
005 20140828083141.0
008 041201s2004||||xxu|||||s|||||000 | eng d
040 _aPGUSA
_beng
042 _adc
050 4 _aPJ
100 1 _aBudge, E. A. Wallis,
_cSir
_q(Ernest Alfred Wallis),
_d1857-1934
245 1 4 _aThe Book of the Dead
_h[electronic resource] /
_cE. A. Wallis, Budge
260 _bProject Gutenberg,
_c2004
506 _aPublic domain in the USA.
516 _aElectronic text
653 _aDeath
653 _aEgypt -- Religion
653 _aFuture life
653 _aBook of the dead
830 0 _aProject Gutenberg
_v7145
856 4 0 _uhttp://www.gutenberg.org/ebooks/7145
942 _cEB
999 _c236465
_d236465